[Event "Fagernes Chess GM-Swiss 2024"]
[Site "Fagernes"]
[Date "2024.03.31"]
[Round "9.40"]
[White "Holand, Per Fredrik"]
[Black "Mihajlov, Svetoslav"]
[Result "1/2-1/2"]
[WhiteElo "2068"]
[BlackElo "2094"]
[Annotator "NA RC"]
[PlyCount "77"]
[EventDate "2024.03.25"]
[EventType "swiss"]
[EventCountry "NOR"]
[SourceTitle "playchess.com"]
[Source "ChessBase"]
[SourceQuality "1"]

1. d4 Nf6 2. c4 g6 3. Nc3 d5 4. cxd5 Nxd5 5. Bd2 Bg7 6. e4 Nb6 7. Be3 c6 8. Be2 Be6 9. Nf3 Bc4 10. h4 h5 11. Rc1 N8d7 12. e5 Nf8 13. Ng5 Bxe2 14. Qxe2 Qd7 15. Nce4 Ne6 16. Nxe6 Qxe6 17. Nc5 Qd5 18. O-O O-O 19. Nxb7 Qxa2 20. Rxc6 Rfb8 21. Nc5 Nd5 22. Bc1 Rb6 23. Rxb6 axb6 24. Ne4 Ra4 25. Qb5 Ra8 26. e6 f5 27. Nc3 Nxc3 28. bxc3 Qxe6 29. Bd2 Qd6 30. Bf4 Qe6 31. Qb1 Bf6 32. Re1 Qc6 33. Qb3+ Kg7 34. Re6 Ra3 35. Rxc6 Rxb3 36. g3 b5 37. Be5 Bxe5 38. dxe5 b4 39. cxb4 1/2-1/2

[Event "Fagernes Chess GM-Swiss 2024"]
[Site "Fagernes"]
[Date "2024.03.31"]
[Round "9.41"]
[White "Sachi Jain"]
[Black "Sian, Shadi"]
[Result "1-0"]
[WhiteElo "1992"]
[BlackElo "2076"]
[Annotator "NA RC"]
[PlyCount "75"]
[EventDate "2024.03.25"]
[EventType "swiss"]
[EventCountry "NOR"]
[SourceTitle "playchess.com"]
[Source "ChessBase"]
[SourceQuality "1"]

1. e4 e6 2. d3 d5 3. Nd2 Nf6 4. Ngf3 Nc6 5. g3 Bc5 6. e5 Nd7 7. c3 f6 8. d4 Bb6 9. exf6 Qxf6 10. Bg2 e5 11. dxe5 Ndxe5 12. O-O Bg4 13. h3 Bxf3 14. Nxf3 O-O-O 15. Bf4 Kb8 16. a4 Nxf3+ 17. Qxf3 Rhf8 18. Qd3 g5 19. Be3 Ne5 20. Qe2 Bxe3 21. Qxe3 h5 22. Rae1 Nc4 23. Qe2 h4 24. Bxd5 Nxb2 25. Bxb7 Nxa4 26. Rb1 Nb6 27. Qa6 Qe6 28. Ra1 c6 29. Qxa7+ Kc7 30. Ba6+ Kd6 31. Qxb6 hxg3 32. Qd4+ Ke7 33. Qc5+ Ke8 34. fxg3 Rxf1+ 35. Rxf1 Qxh3 36. Qf8+ Kd7 37. Rf7+ Ke6 38. Bc4+ 1-0

[Event "Fagernes Chess GM-Swiss 2024"]
[Site "Fagernes"]
[Date "2024.03.31"]
[Round "9.42"]
[White "Havik, Victor"]
[Black "Skramstad, Oda Kofoed"]
[Result "1-0"]
[WhiteElo "2078"]
[BlackElo "1945"]
[Annotator "RC"]
[PlyCount "147"]
[EventDate "2024.03.25"]
[EventType "swiss"]
[EventCountry "NOR"]
[SourceTitle "playchess.com"]
[Source "ChessBase"]
[SourceQuality "1"]

1. d4 Nf6 2. c4 g6 3. Nc3 Bg7 4. e4 d6 5. Nf3 O-O 6. Be2 e5 7. d5 Nbd7 8. Be3 Ng4 9. Bg5 f6 10. Bc1 a5 11. h3 Nh6 12. g4 Nc5 13. Rg1 c6 14. Be3 cxd5 15. cxd5 Nf7 16. Qd2 Bd7 17. Qc2 a4 18. Rb1 Rc8 19. Nd2 Qa5 20. Nc4 Qc7 21. Na3 Rfd8 22. Bb5 Bxb5 23. Naxb5 Qa5 24. Kf1 Qb4 25. Kg2 Kf8 26. f3 Ke7 27. Qe2 Rh8 28. Bd2 Qa5 29. Nd1 Qd8 30. Nf2 Qd7 31. Na3 h5 32. Qb5 hxg4 33. Qxd7+ Kxd7 34. hxg4 Bh6 35. Bxh6 Rxh6 36. Rh1 Rxh1 37. Rxh1 Rh8 38. Rxh8 Nxh8 39. Kf1 Nf7 40. Ke2 Ng5 41. Nb5 Ke7 42. Na3 Kd7 43. Nc4 Kc7 44. Ne3 Kb6 45. Ng2 Nh7 46. Nh4 Nf8 47. Kd2 Kc7 48. Kc3 Kb6 49. Nd1 Ka6 50. Ne3 b5 51. Nc2 Kb6 52. Nb4 Kc7 53. Nc6 Na6 54. Ne7 g5 55. Nhf5 Kd7 56. Ng8 Nh7 57. Ngh6 Nf8 58. Nf7 Ng6 59. N7xd6 Nh4 60. Nxb5 Nxf3 61. b4 axb3 62. axb3 Nc5 63. Nbd6 Nh2 64. b4 Na4+ 65. Kb3 Nb6 66. Nc4 Nc8 67. Nfe3 Nf3 68. b5 Kc7 69. Kb4 Nd4 70. Nf5 Nb6 71. d6+ Kb7 72. Nxd4 exd4 73. Nxb6 Kxb6 74. Kc4 1-0

[Event "Fagernes Chess GM-Swiss 2024"]
[Site "Fagernes"]
[Date "2024.03.31"]
[Round "9.43"]
[White "Lien, Sebastian"]
[Black "Lilliehook, Victor"]
[Result "0-1"]
[WhiteElo "1885"]
[BlackElo "2060"]
[Annotator "RC"]
[PlyCount "116"]
[EventDate "2024.03.25"]
[EventType "swiss"]
[EventCountry "NOR"]
[SourceTitle "playchess.com"]
[Source "ChessBase"]
[SourceQuality "1"]

1. d4 d5 2. Nf3 Nf6 3. c4 e6 4. cxd5 exd5 5. Bg5 Nbd7 6. Nc3 Bb4 7. e3 c5 8. Bd3 Qa5 9. O-O c4 10. Bf5 O-O 11. Bxd7 Nxd7 12. Ne2 Re8 13. b3 b5 14. a4 bxa4 15. Rxa4 Qb5 16. bxc4 dxc4 17. Qa1 a5 18. Rc1 Nb6 19. Ra2 Bb7 20. Bf4 Rec8 21. Ne1 Nd5 22. f3 a4 23. e4 Nxf4 24. Nxf4 Qa5 25. Ne2 Bd2 26. Rd1 c3 27. Nc2 Bc6 28. Na3 Bb5 29. Nc1 Bc4 30. Nxc4 Rxc4 31. Rc2 Rxd4 32. Ne2 Rd3 33. h3 h6 34. Kh2 Rad8 35. g3 Qa7 36. Rf1 Qe3 37. Nf4 R3d4 38. Kg2 Rc4 39. Nd5 Qd3 40. Qa2 Qd4 41. Rd1 Qc5 42. Nxc3 Bg5 43. Rxd8+ Bxd8 44. Rd2 Ba5 45. Nxa4 Rxa4 46. Qxa4 Bxd2 47. Qe8+ Qf8 48. Qd7 Ba5 49. h4 Bb6 50. Kh3 Qb8 51. f4 Bf2 52. Qd2 Qc8+ 53. Kg2 Bb6 54. Qd5 Qc2+ 55. Kh3 Bf2 56. h5 Qc3 57. Qd8+ Kh7 58. Qh4 Qf3 0-1

[Event "Fagernes Chess GM-Swiss 2024"]
[Site "Fagernes"]
[Date "2024.03.31"]
[Round "9.45"]
[White "Kaewpitakkun, Pantham"]
[Black "Gasland, Lukas Dominik"]
[Result "0-1"]
[WhiteElo "1989"]
[BlackElo "1985"]
[Annotator "NA RC"]
[PlyCount "66"]
[EventDate "2024.03.25"]
[EventType "swiss"]
[EventCountry "NOR"]
[SourceTitle "playchess.com"]
[Source "ChessBase"]
[SourceQuality "1"]

1. e4 c5 2. Nf3 Nc6 3. Bb5 Nf6 4. e5 Nd5 5. Nc3 Nc7 6. Bxc6 dxc6 7. Ne4 Qd5 8. Nc3 Qd8 9. h3 g6 10. O-O Bg7 11. d3 O-O 12. Be3 Ne6 13. Re1 Qc7 14. Qc1 Rd8 15. Bh6 Nd4 16. Nxd4 cxd4 17. Bxg7 Kxg7 18. Nb1 h5 19. Nd2 Be6 20. Nf3 c5 21. Qg5 c4 22. Nh4 cxd3 23. cxd3 Rd5 24. f4 Rg8 25. Rac1 Qd7 26. f5 Bxf5 27. Nxf5+ Qxf5 28. Qxe7 Rd7 29. Qh4 Qxd3 30. Rcd1 Qa6 31. Rxd4 Rxd4 32. Qxd4 Qb6 33. Rd1 Rd8 0-1

[Event "Fagernes Chess GM-Swiss 2024"]
[Site "Fagernes"]
[Date "2024.03.31"]
[Round "9.46"]
[White "Rynning, Rune Kleiven"]
[Black "Amundsen, Ask"]
[Result "0-1"]
[WhiteElo "1813"]
[BlackElo "2069"]
[Annotator "NA RC"]
[PlyCount "36"]
[EventDate "2024.03.25"]
[EventType "swiss"]
[EventCountry "NOR"]
[SourceTitle "playchess.com"]
[Source "ChessBase"]
[SourceQuality "1"]

1. e4 c6 2. Nc3 d5 3. Nf3 Bg4 4. h3 Bxf3 5. Qxf3 d4 6. Ne2 e6 7. Ng3 Ne7 8. a4 Ng6 9. Qb3 Qb6 10. Bc4 Nd7 11. d3 Bb4+ 12. c3 dxc3 13. bxc3 Ba5 14. Qc2 Nge5 15. Ba2 Qd4 16. O-O Qxd3 17. Qb2 Bxc3 18. Qxb7 Rb8 0-1

[Event "Fagernes Chess GM-Swiss 2024"]
[Site "Fagernes"]
[Date "2024.03.31"]
[Round "9.47"]
[White "Makka, Ioulia"]
[Black "Evenshaug, Amadeus Hestvik"]
[Result "0-1"]
[WhiteElo "1983"]
[BlackElo "2035"]
[Annotator "NA RC"]
[PlyCount "68"]
[EventDate "2024.03.25"]
[EventType "swiss"]
[EventCountry "NOR"]
[SourceTitle "playchess.com"]
[Source "ChessBase"]
[SourceQuality "1"]

1. e4 c5 2. Nf3 d6 3. d4 cxd4 4. Nxd4 Nf6 5. Nc3 Nc6 6. Bg5 e6 7. Qd2 a6 8. O-O-O Bd7 9. f4 b5 10. Bxf6 gxf6 11. f5 Qb6 12. Nxc6 Bxc6 13. Kb1 b4 14. Ne2 e5 15. Ng3 h5 16. h4 Qc5 17. b3 Ke7 18. Bc4 Bh6 19. Qd3 Be3 20. Rh3 Bf2 21. Ne2 Rhg8 22. Qf3 Rg4 23. Bd5 Rc8 24. c4 bxc3 25. Nxc3 Bd4 26. Bxc6 Bxc3 27. Bd5 Bd4 28. Qe2 a5 29. Bc4 Rcg8 30. Rd2 Qb4 31. Bd5 Rc8 32. Rc2 Rxg2 33. Rxc8 Rxe2 34. Rh1 Rb2+ 0-1

[Event "Fagernes Chess GM-Swiss 2024"]
[Site "Fagernes"]
[Date "2024.03.31"]
[Round "9.48"]
[White "Bech, Havard Eriksen"]
[Black "Stai, Sondre"]
[Result "1-0"]
[WhiteElo "1951"]
[BlackElo "1842"]
[Annotator "NA RC"]
[PlyCount "85"]
[EventDate "2024.03.25"]
[EventType "swiss"]
[EventCountry "NOR"]
[SourceTitle "playchess.com"]
[Source "ChessBase"]
[SourceQuality "1"]

1. c4 b6 2. Nc3 Bb7 3. d4 e6 4. e4 Bb4 5. Qc2 Ne7 6. Bd3 Bxc3+ 7. Qxc3 f5 8. f3 O-O 9. Ne2 a5 10. O-O Na6 11. Be3 Nb4 12. Bb1 fxe4 13. fxe4 Rxf1+ 14. Kxf1 Ng6 15. a3 Nc6 16. Kg1 Qh4 17. Bc2 Rf8 18. b4 Qg4 19. Ng3 Nf4 20. Qd2 Ne7 21. Rf1 Neg6 22. bxa5 bxa5 23. Bd1 Qg5 24. Bh5 Qh4 25. Bxg6 Nxg6 26. Rxf8+ Nxf8 27. Qxa5 Bxe4 28. Qxc7 Qg4 29. Nxe4 Qxe4 30. Qf4 Qd3 31. c5 Qxa3 32. h3 Qa8 33. Qd6 Qe8 34. Bf4 Qf7 35. Qb8 h6 36. Bd6 Qf5 37. Qc8 Qf7 38. Bxf8 Qxf8 39. Qxd7 Qf4 40. Qxe6+ Kh7 41. Qe5 Qc1+ 42. Kh2 Qc2 43. Qd6 1-0